№ 6, сентябрь; Золото и платина

Detalhes bibliográficos
Parent link:Золото и платина: производственный журнал/ Союззолото. № 6, сентябрь.— , 1929, 1931
Idioma:russo
Publicado em: 1929
Formato: MixedMaterials Livro
KOHA link:https://koha.lib.tpu.ru/cgi-bin/koha/opac-detail.pl?biblionumber=530720

MARC

LEADER 00000nam2a2200000 4500
001 530720
005 20231101112529.0
035 |a (RuTPU)RU\TPU\prd\216962 
035 |a RU\TPU\prd\216961 
090 |a 530720 
100 |a 20140409b1929 k y0rusy50 ca 
101 0 |a rus 
102 |a RU 
200 0 |a № 6, сентябрь 
210 |d 1929 
461 1 |0 (RuTPU)RU\TPU\prd\23  |t Золото и платина  |o производственный журнал  |f Союззолото  |v № 6, сентябрь  |d 1929, 1931 
801 0 |a RU  |b 63413507  |c 20010227  |g PSBO 
801 1 |a RU  |b 63413507  |c 20020301  |g PSBO 
801 2 |a RU  |b 63413507  |c 20140409  |g PSBO 
942 |c BK 
999 |a НТБ_ТПУ  |b РФ  |e -4/20140109  |p П-1882з  |u 0,00  |v 1